[Event "22nd OIBM 2018"]
[Site "Gmund am Tegernsee"]
[Date "2018.10.27"]
[Round "1"]
[White "Dietzsch, Herbert"]
[Black "Welling, Gerard"]
[Result "*"]
[WhiteElo "2076"]
[BlackElo "2297"]
[Annotator "TA"]
[PlyCount "78"]
[EventDate "2018.10.27"]
[EventType "swiss"]
[EventCountry "GER"]
[SourceTitle "playchess.com"]
[Source "ChessBase"]
[SourceQuality "1"]

{[%evp 9,78,4,24,0,6,-10,0,0,0,0,6,-2,0,0,0,0,0,-7,0,0,0,-10,-10,-14,-18,-21,-12,-12,-10,-32,-33,-55,-51,-44,-54,-62,0,0,0,0,0,-33,-33,-33,-33,-33,-33,-33,-33,-23,-25,-48,-49,-47,-56,-58,-23,-24,-25,-28,-8,-8,-16,-87,-72,-94,-66,-68,-8,-8,-8]} 1. e4 g6 2. d4 Bg7 3. Bc4 c5 4. c3 Qb6 (4... cxd4 5. cxd4 Qc7 6. Na3 Nc6 7. Nf3 d6 8. O-O Nf6 9. Nb5 Qb8 10. d5 a6 11. dxc6 axb5 12. Bxb5 {1-0 (23) Nevanlinna,R (2357)-Finkel,A (2458) Rethymno 2003}) 5. dxc5 Qxc5 6. Qe2 {B06: Modern Defence} (6. Bb3 {looks sharper.} Nf6 7. Be3 Qc7 8. f3 d6 9. Ne2) 6... d6 7. Be3 Qc7 8. Nf3 Nf6 9. Nbd2 Nc6 10. h3 O-O 11. O-O b6 12. Rad1 $146 Bb7 13. Ba6 d5 14. Bxb7 Qxb7 15. exd5 Nxd5 16. Nb3 Nxe3 17. Qxe3 e5 18. Qe4 Rad8 19. Rd2 Rxd2 20. Nbxd2 Qd7 21. Nc4 f5 22. Qc2 e4 (22... Qd5 $1 $15 23. b3 Rd8) 23. Qb3 $1 $11 Kh8 24. Rd1 Qe7 25. Nd4 Nxd4 26. cxd4 Rd8 $36 {[%mdl 2048] Black has good play.} 27. Ne5 $1 {[%cal Re5f7]} Bxe5 28. dxe5 {White wants to play Rxd8+.} Rxd1+ 29. Qxd1 Qxe5 $15 {[%mdl 4096] Endgame KQ-KQ} 30. Qd8+ Kg7 31. Qd7+ Kh6 32. Qxa7 e3 33. fxe3 Qxe3+ 34. Kh1 Qc1+ 35. Kh2 Qxb2 36. Qf7 (36. Qe7 $11 {keeps the balance.}) 36... Qe5+ 37. Kh1 f4 38. Qf8+ Kh5 (38... Kg5 $1 $15) 39. Qf7 $11 h6 {Precision: White = 52%, Black = 62%.} *

[Event "22nd OIBM 2018"]
[Site "Gmund am Tegernsee"]
[Date "2018.10.27"]
[Round "1"]
[White "Jimenez De La Torre, Jose A."]
[Black "Raupp, Thomas"]
[Result "*"]
[WhiteElo "2076"]
[BlackElo "2291"]
[Annotator "TA"]
[PlyCount "41"]
[EventDate "2018.10.27"]
[EventType "swiss"]
[EventCountry "GER"]
[SourceTitle "playchess.com"]
[Source "ChessBase"]
[SourceQuality "1"]

{[%evp 19,41,20,22,27,26,9,14,14,15,-8,-7,-60,-56,-125,-129,-174,-191,-174,-134,-157,-171,-172,-59,-127]} 1. e4 c5 2. Nf3 Nc6 3. d4 cxd4 4. Nxd4 e5 5. Nb5 {[%cal Bd4b5,Bb5a3,Ba3c2,Bc2e3][%mdl 32]} d6 6. c4 Be7 {[%cal Bf8e7,Be7g5,Bg5h6][%mdl 32]} 7. N1c3 a6 8. Na3 Be6 9. Nc2 Bg5 10. Ne3 Rc8 {LiveBook: 3 Games. B32: Sicilian: Löwenthal and Kalashnikov Variations} (10... Nge7 11. Bd3 Nd4 12. O-O O-O 13. Ne2 Nxe2+ 14. Qxe2 Nc6 15. Nc2 Bxc1 16. Raxc1 Qb6 17. Qd2 Rac8 18. Be2 {0-1 (46) Lagno,K (2529)-Krush,I (2458) Huaian 2016}) 11. Bd3 Nd4 12. Ncd5 Bxd5 $146 {The position is equal.} ({Predecessor:} 12... Nf6 13. O-O Nxd5 14. exd5 Bd7 15. b3 O-O 16. Bb2 g6 17. b4 Qb6 18. a3 Bxe3 19. fxe3 {0-1 (30) Zatonskih,A (2320)-Smokina,K (2180) Bucharest 1998}) 13. cxd5 Nf6 14. h4 Bh6 15. g4 (15. O-O $11) 15... Bf4 $15 16. g5 (16. Bd2 $15) 16... Nd7 $17 17. b4 h6 18. Nc4 Qe7 19. Bxf4 exf4 20. Rc1 {[#] Nxd6+! is the strong threat.} Rd8 (20... Rc7 $19 21. Bb1 Ne5) 21. gxh6 {Precision: White = 19%, Black = 52%.} (21. Bb1 $15 Ne5 22. Rh3) *

[Event "22nd OIBM 2018"]
[Site "Gmund am Tegernsee"]
[Date "2018.10.27"]
[Round "1"]
[White "Kugelmann, Werner"]
[Black "Schuster, Karsten"]
[Result "*"]
[WhiteElo "2072"]
[BlackElo "2283"]
[Annotator "TA"]
[PlyCount "35"]
[EventDate "2018.10.27"]
[EventType "swiss"]
[EventCountry "GER"]
[SourceTitle "playchess.com"]
[Source "ChessBase"]
[SourceQuality "1"]

{[%evp 16,35,0,-19,74,80,76,-76,0,-70,-72,-72,-56,-212,-206,-190,-202,-200,-209,-204,-181,-200]} 1. e4 c6 2. d4 d5 3. e5 Bf5 4. Nc3 e6 5. g4 Bg6 6. Nge2 c5 7. Be3 Nc6 8. dxc5 Nxe5 9. Nd4 {LiveBook: 60 Games} a6 {B12: Caro-Kann: Advance Variation} (9... Nd7 $11) (9... Nd7 10. b4 Be7 11. h4 h6 12. Bg2 Ngf6 13. g5 Nh5 14. Qe2 Ne5 15. gxh6 gxh6 16. Rg1 Nf6 17. Bf4 Nc6 {1-0 (28) Grischuk,A (2701)-Dreev,A (2695) Togliatti 2003}) 10. f4 $1 $16 Nc6 {[#]} 11. Nb3 $2 (11. h4 $1 $16 {and life is bright.}) 11... Be7 $146 ({Black should play} 11... d4 $17 12. Nxd4 Bxc5) ({Predecessor:} 11... h5 12. f5 Bh7 13. fxe6 fxe6 14. gxh5 Nge7 15. Qd2 Nf5 16. O-O-O Be7 17. Kb1 {0-1 (74) Engedal,K (2240)-Hellsten,J (2315) Hallsberg 1993}) 12. Bf2 (12. Qe2 $1 $11) 12... Nf6 $15 13. Bg2 h5 14. h3 $2 ({Better is} 14. g5 $15 Ng4 15. Bd4) 14... hxg4 $19 {Black is clearly better.} 15. hxg4 Rxh1+ 16. Bxh1 {[#]} Qc7 $1 {[%cal Rc7f4]} 17. Bg3 O-O-O 18. Qe2 {Precision: White = 21%, Black = 28%.} *

[Event "22nd OIBM 2018"]
[Site "Gmund am Tegernsee"]
[Date "2018.10.28"]
[Round "2"]
[White "Nisipeanu, Liviu-Dieter"]
[Black "Maier, Alexander"]
[Result "1-0"]
[WhiteElo "2667"]
[BlackElo "2275"]
[Annotator "TA"]
[PlyCount "112"]
[EventDate "2018.10.27"]
[EventType "swiss"]
[EventCountry "GER"]
[SourceTitle "playchess.com"]
[Source "ChessBase"]
[SourceQuality "1"]

{[%evp 14,112,25,31,20,20,31,14,13,11,19,17,14,14,29,18,22,4,4,7,26,36,33,27,32,28,22,25,43,0,0,0,27,0,0,0,0,0,0,0,0,0,68,0,81,85,304,295,426,243,238,159,155,143,153,147,162,157,153,133,176,143,144,143,143,143,159,150,159,134,180,187,170,177,343,335,313,273,464,429,802,791,1253,1272,1219,12105,11329,11254,6251,5548,4598,7738,6140,5770,4674,1336,29967,29968,29968,29970,29974]} 1. e4 d5 2. exd5 Qxd5 3. Nc3 Qd6 4. g3 g6 (4... Nf6 5. Bg2 g6 6. Nge2 Bg7 7. O-O O-O 8. d3 c6 9. Rb1 a5 10. Bf4 e5 11. Be3 Nd5 12. Bd2 {½-½ (52) Smirin,I (2663)-Inarkiev,E (2680) Khanty-Mansiysk 2013}) 5. Bg2 Bg7 6. Nge2 {B01: Scandinavian Defence} c6 7. O-O Nf6 8. d4 {LiveBook: 3 Games. White has an edge.} Bf5 9. Bf4 Qd7 10. Re1 $146 ({Predecessor:} 10. a4 O-O 11. a5 Na6 12. Na4 Rfd8 13. c3 {0-1 (27) Slampa,J (1884)-Hrbolka,L (2135) Teplice 2010}) 10... O-O 11. Qd2 Rd8 12. Rad1 Na6 13. a3 Rac8 14. Be5 Nc7 15. Qc1 Bh3 16. Bh1 Qf5 17. Nf4 Bh6 18. Qb1 $1 Ncd5 {[%cal Rd5f4]} 19. Ncxd5 Nxd5 20. Be4 Qd7 {[#] Threatens to win with ...Bxf4.} 21. Nd3 f6 22. Nc5 Qg4 23. f3 Qh5 24. g4 $36 {[%mdl 2048] White has the initiative.} Bxg4 $1 25. fxg4 Qxg4+ 26. Bg3 {[#] And now Rd3 would win.} f5 $1 {[%cal Rf5e4]} 27. Bxd5+ Rxd5 (27... cxd5 $11 28. Rd3 (28. Nxb7 Rf8 $15) 28... f4) 28. c3 ({Reject} 28. Rxe7 f4 $11) ({White should play} 28. Rd3 $1 $14) 28... f4 (28... Rf8 $11) 29. Qe4 $16 Rg5 $2 (29... Rh5 $16) 30. Ne6 $18 Rf8 (30... Rf5 {was worth a try.} 31. Rd3 Rf6) 31. Nxf8 (31. Nxg5 $142 Bxg5 32. Kh1) 31... Bxf8 32. Rd3 fxg3 33. Rxg3 Qxe4 34. Rxe4 $16 {[%mdl 4096] Endgame KRR-KRB} Rf5 35. Kg2 Kf7 36. Rf3 e6 37. Re2 Bd6 38. Rxf5+ gxf5 {KR-KB} 39. b4 Kf6 40. a4 a6 41. Kf3 Kf7 42. h3 h6 43. Ra2 e5 $2 (43... Kf6 44. Rd2 h5) 44. dxe5 $18 Bxe5 45. c4 Bc3 $2 (45... h5 46. b5 h4 47. bxc6 bxc6) 46. b5 cxb5 (46... h5 $142 47. bxc6 bxc6) 47. cxb5 axb5 48. axb5 Ke6 49. Ra7 b6 50. Rh7 Bd2 51. Rc7 Bg5 52. Rc6+ Kd5 53. Rxb6 Kc5 54. Rb8 Bd2 55. h4 Ba5 56. Rf8 Kd5 {Precision: White = 77%, Black = 48%.} 1-0

[Event "22nd OIBM 2018"]
[Site "Gmund am Tegernsee"]
[Date "2018.10.28"]
[Round "2"]
[White "Kovalenko, Igor"]
[Black "Lipok, Christoph"]
[Result "1-0"]
[WhiteElo "2646"]
[BlackElo "2271"]
[Annotator "TA"]
[PlyCount "69"]
[EventDate "2018.10.27"]
[EventType "swiss"]
[EventCountry "GER"]
[SourceTitle "playchess.com"]
[Source "ChessBase"]
[SourceQuality "1"]

{[%evp 16,69,20,-6,10,0,20,13,13,-4,15,13,13,13,17,13,7,0,10,0,12,4,30,9,18,17,64,61,73,86,106,81,279,279,277,265,338,327,318,327,333,308,301,298,375,373,372,372,368,270,355,354,341,339,1030,368]} 1. d4 d5 2. Nf3 Nf6 3. c4 e6 4. Nc3 Be7 5. Bg5 h6 6. Bxf6 Bxf6 7. e3 O-O 8. Rc1 c6 9. h3 {LiveBook: 4 Games. D55: Queen's Gambit Declined: 4 Bg5 Be7: Lines without ...h6 and 6...h6 7 Bxf6} (9. Bd3 Nd7 10. O-O dxc4 11. Bxc4 e5 12. Bb3 exd4 13. exd4 Re8 14. h3 Nb6 15. Re1 Bf5 16. g4 Bg6 17. Rxe8+ Qxe8 18. Qd2 Qd7 19. Qf4 Re8 20. Rd1 Qc8 21. Ne5 Bxe5 22. dxe5 Rd8 23. Rd4 Qc7 {1-0 (43) Radjabov,T (2751)-Sargissian,G (2691) Batumi 2018}) 9... a6 10. Bd3 dxc4 $146 ({Predecessor:} 10... Nd7 11. cxd5 exd5 12. O-O Re8 13. Rc2 Nf8 14. Re2 Be6 15. Ne5 Bxe5 16. dxe5 Qe7 17. f4 Rad8 18. Qe1 b5 19. a3 Bc8 20. b4 c5 21. bxc5 Qxc5 {1-0 (48) Lobron,E (2540)-Lutz,C (2600) Bad Wiessee 1998}) 11. Bxc4 {The position is equal.} Nd7 12. Ne4 c5 13. Nxf6+ Qxf6 14. O-O Rd8 15. Be2 b6 16. b4 $36 {[%mdl 2048] White has the initiative.} Bb7 17. a3 Rac8 18. bxc5 Nxc5 19. Ne5 Ne4 20. Bh5 g6 21. Bf3 Qe7 22. Qd3 Nc5 23. Qe2 Na4 $2 {[#]} (23... Bxf3 $16 {might work better.} 24. Nxf3 Nd7) 24. Bc6 $1 $18 b5 25. Qf3 $1 Bxc6 26. Nxc6 ({Weaker is} 26. Rxc6 Rf8 $16) 26... Qxa3 27. Nxd8 Rxd8 28. Qb7 Nc3 {[#] Hoping for ...Ne2+.} 29. Ra1 Qb2 30. Rxa6 Rf8 31. Rfa1 Kg7 32. Qf3 b4 33. Ra8 Rxa8 34. Rxa8 {Kh2 is the strong threat.} ({Worse is} 34. Qxa8 b3 $11) 34... Nb5 $2 (34... g5 35. Ra7 Qb1+ 36. Kh2 Qg6) 35. Qf4 $2 {Precision: White = 68%, Black = 29%.} (35. Qc6 Nxd4 36. exd4 Qxd4 37. Qe8 Qd1+ 38. Kh2 Qd6+ 39. g3) 1-0

[Event "22nd OIBM 2018"]
[Site "Gmund am Tegernsee"]
[Date "2018.10.28"]
[Round "2"]
[White "Hovhannisyan, Robert"]
[Black "Jahnz, Fabian"]
[Result "1-0"]
[WhiteElo "2621"]
[BlackElo "2244"]
[Annotator "TA"]
[PlyCount "61"]
[EventDate "2018.10.27"]
[EventType "swiss"]
[EventCountry "GER"]
[SourceTitle "playchess.com"]
[Source "ChessBase"]
[SourceQuality "1"]

{[%evp 11,61,43,51,43,66,59,51,52,48,56,75,43,59,60,120,120,103,76,67,64,130,103,102,91,118,117,120,112,123,100,100,99,95,97,171,137,129,124,128,135,356,352,495,487,29974,29975,29975,29976,29976,29977,29969,29961]} 1. d4 d5 2. c4 dxc4 3. Nf3 Nf6 4. e3 Bg4 5. Bxc4 e6 6. O-O Nc6 {LiveBook: 18 Games. D25: Queen's Gambit Accepted: 4 e3: sidelines and 4...Bg4} 7. Bb5 (7. h3 Bh5 8. b3 Bd6 9. Bb2 O-O 10. Nbd2 a6 11. Be2 Qe7 12. Rc1 Ba3 13. Bxa3 Qxa3 14. Nc4 {½-½ (33) Ivanchuk,V (2781)-Tkachiev,V (2664) Moscow 2008}) 7... Bd6 8. Nbd2 O-O {White is slightly better.} 9. Bxc6 bxc6 10. Qc2 Qe8 11. b3 $146 ({Predecessor:} 11. e4 Bf4 12. Ne5 Bxe5 13. dxe5 Nd7 14. f3 {1-0 (35) Averbakh,Y-Damjanovic,M Hamburg 1965}) 11... a5 12. e4 {Threatens to win with e5.} Bb4 ({Black should play} 12... Nd7 $14) 13. a3 $16 Be7 14. Bb2 Bxf3 15. Nxf3 Ra6 (15... c5 $1 $14) 16. Rac1 Nd7 17. Rfe1 {[%cal Bf1e1,Be1e3,Be3h3][%mdl 32]} Bf6 18. a4 Qa8 19. Ba3 Re8 20. e5 Be7 21. Bxe7 Rxe7 22. Re3 Re8 (22... h6 $16) 23. Ng5 $40 {[%mdl 128] White has strong attack.} Nf8 24. Rh3 {[%cal Rg5h7]} h6 25. Ne4 {[#] aiming for Nf6+!} Nd7 $2 (25... c5 $16 {was called for.}) 26. Qd2 {Hoping for Nf6+.} Qd8 (26... c5 $142) 27. Rcc3 f5 (27... Nxe5 $18 28. dxe5 Qxd2 29. Nxd2 Rd8) 28. Rcg3 {White mates.} Nxe5 {[#]} 29. Rxg7+ $1 {[%mdl 512]} Kxg7 30. Qxh6+ Kf7 31. Ng5+ {Precision: White = 79%, Black = 40%.} 1-0

[Event "22nd OIBM 2018"]
[Site "Gmund am Tegernsee"]
[Date "2018.10.28"]
[Round "2"]
[White "Braun, Arik"]
[Black "Koehler, Christian Friedrich"]
[Result "1/2-1/2"]
[WhiteElo "2603"]
[BlackElo "2241"]
[Annotator "TA"]
[PlyCount "199"]
[EventDate "2018.10.27"]
[EventType "swiss"]
[EventCountry "GER"]
[SourceTitle "playchess.com"]
[Source "ChessBase"]
[SourceQuality "1"]

{[%evp 21,199,18,22,12,36,36,39,47,43,32,33,27,54,48,55,63,64,49,57,59,50,54,60,51,60,29,67,60,80,68,110,110,110,110,106,81,93,92,89,85,88,79,92,81,112,93,105,85,94,101,123,123,127,127,125,117,119,97,86,97,88,94,89,70,70,49,76,58,56,54,60,0,0,0,0,0,0,0,0,-7,-7,-8,-7,-7,-7,-7,0,0,0,0,0,-2,0,0,0,0,0,-1,0,0,0,0,0,0,773,0,0,0,0,0,0,0,0,0,0,0,0,0,0,0,4,4,4,0,8,0,0,0,0,0,0,0,0,0,0,0,0,0,0,0,0,0,0,0,0,0,8,8,14,8,8,8,11,0,5,0,0,0,0,0,0,0,0,0,0,0,0,0,0,0,0,0,0,0,0,0,0,0,0,0]} 1. e4 e5 2. Nf3 Nc6 3. Bc4 Nf6 {[%cal Bg8f6,Bf6h7,Bh7g5,Bg5f3][%mdl 32]} 4. d3 Be7 5. O-O O-O 6. a4 d6 7. h3 h6 {C55: Two Knights: 4 d3, 4 d4 exd4 5 e5 and Max Lange Attack} (7... Be6 8. Re1 Qd7 9. Nc3 h6 10. Be3 a6 11. Bxe6 fxe6 12. d4 exd4 13. Nxd4 Nxd4 14. Qxd4 Nh5 15. e5 {0-1 (71) Miton,K (2584)-Wang,H (2709) Riadh 2017}) 8. Re1 Nh7 9. Nc3 Ng5 10. Nd5 Nxf3+ 11. Qxf3 Nd4 {LiveBook: 4 Games} 12. Qd1 c6 13. Nxe7+ Qxe7 14. c3 Ne6 {[#]} 15. Qf3 $146 ({Predecessor:} 15. d4 Qf6 16. dxe5 dxe5 {½-½ (51) Michalik,P (2554)-Biolek,R (2440) Czech Republic 2016}) 15... Qh4 16. Kh2 Ng5 17. Qg3 Qxg3+ 18. Kxg3 Be6 19. h4 Nh7 20. Bxe6 fxe6 21. Be3 Nf6 22. f3 a6 23. Rad1 Rae8 24. b4 Kf7 25. c4 d5 26. Bc5 Rg8 27. Bd6 Nd7 28. h5 g6 29. hxg6+ Rxg6+ 30. Kh2 Kf6 31. Re2 Rg5 32. a5 Nf8 33. exd5 exd5 34. f4 Rh5+ 35. Kg1 Ng6 36. fxe5+ Nxe5 37. Rde1 Rg5 {[#]} 38. Re3 $1 d4 39. Rh3 Kg6 40. Re4 Re6 41. Bc7 h5 42. Rxd4 Ng4 {[%cal Re6e1] [#]} 43. Rf3 Re1+ 44. Rf1 Re2 45. Rd8 Kh7 46. Rd7+ (46. Rf7+ $14 Rg7 47. Rxg7+ Kxg7 48. Kf1) 46... Rg7 $11 47. Rxg7+ Kxg7 {[%mdl 4096] Endgame KRB-KRN} 48. Bf4 Rb2 49. Bd6 Rd2 50. Re1 Rxd3 51. Bc5 Rd7 52. g3 Kf6 53. Re4 Kf5 54. Rf4+ Kg5 55. Re4 Kf5 56. Rf4+ Ke5 57. Kf1 Nf6 58. Rh4 Rd3 59. Kg2 Rd2+ 60. Kh3 Rd7 61. Bb6 Rd1 {Threatening ...Rh1+.} 62. Rf4 Rh1+ 63. Kg2 Rd1 {The position is equal.} 64. Rh4 Rd2+ 65. Kf3 Rd7 66. Ke2 Ke6 67. Rf4 Ke5 68. Rh4 Ke6 69. Be3 Rh7 70. Rf4 Ng4 71. Bd4 Rd7 72. Bc3 Rd8 73. Re4+ Kf7 $1 74. Bd4 Rd6 75. Rf4+ Kg6 76. Kd3 Nf6 77. Ke3 Ng4+ 78. Ke4 Re6+ 79. Kd3 Rd6 80. Kc3 Rd8 81. Re4 Kf7 82. Bc5 Rd7 83. Re2 Nf6 84. Re5 Kg6 85. Be3 Rh7 86. Rg5+ Kf7 {...Ne4+ is the strong threat.} 87. Rf5 Kg6 88. Rf4 Rd7 89. Rd4 Re7 90. Kd3 Ng4 91. Rd6+ Kf5 92. Bd4 Rh7 93. Rd8 Ne5+ 94. Kc3 Nf3 95. Bf2 {And now Rf8+ would win.} Kg4 96. Rf8 {Hoping for Rf4+.} Ng5 97. Rg8 Kf5 {White must now prevent ...Ne4+.} 98. Rf8+ Kg4 {aiming for ...Ne4+.} 99. Rg8 {Threatens to win with Be3.} Kf5 {Strongly threatening ...Ne4+.} 100. Rf8+ {Precision: White = 60%, Black = 69%.} 1/2-1/2

[Event "22nd OIBM 2018"]
[Site "Gmund am Tegernsee"]
[Date "2018.10.28"]
[Round "2"]
[White "Papp, Gabor"]
[Black "Wessendorf, Thomas"]
[Result "1-0"]
[WhiteElo "2591"]
[BlackElo "2235"]
[Annotator "TA"]
[PlyCount "50"]
[EventDate "2018.10.27"]
[EventType "swiss"]
[EventCountry "GER"]
[SourceTitle "playchess.com"]
[Source "ChessBase"]
[SourceQuality "1"]

{[%evp 22,50,77,71,141,84,75,83,104,46,60,25,62,33,68,66,100,31,183,162,375,352,356,375,450,462,815,808,794,765,1366]} 1. e4 c5 2. Nf3 d6 3. d4 cxd4 4. Nxd4 Nf6 5. Nc3 g6 6. Be3 Bg7 7. f3 Nc6 8. Qd2 O-O 9. O-O-O d5 10. Qe1 e6 11. h4 Qc7 12. Ndb5 {LiveBook: 10 Games. B76: Sicilian Dragon: Yugoslav Attack, 9 g4 and 9 0-0-0} Qe7 {[#]} (12... Qb8 $142) 13. Qf2 $146 (13. exd5 $6 exd5 14. Qf2 b6 $11) (13. Bf4 $142 $1) ({Predecessor:} 13. Bf4 d4 14. Bd6 Qd8 15. Bxf8 Qxf8 16. Nxd4 Nxd4 17. Rxd4 Nd5 18. Rd3 Nxc3 19. Rxc3 Bxc3 20. Qxc3 {1-0 (30) Wang,H (2683)-Pham,C (2377) Ho Chi Minh City 2017}) 13... b6 $16 14. exd5 {White is better.} Nxd5 15. Nxd5 (15. Bg5 $16 Qd7 16. h5) 15... exd5 $14 16. Nd4 Ne5 17. h5 Bd7 18. Kb1 a5 19. Ne2 (19. Qd2 $16) 19... Rfc8 $2 {[#]} (19... Nc4 $14 20. Bd4 Bxd4 21. Nxd4 (21. Qxd4 Ne3 $11) 21... Qe3 22. Qxe3 Nxe3) 20. Bd4 $18 ({Don't blunder} 20. Bxb6 $2 Nc4 $17) ({Inferior is} 20. Rxd5 Be6 $15) 20... Rxc2 $2 (20... a4 {was necessary.}) 21. Kxc2 Bf5+ 22. Kc1 Bh6+ 23. f4 {White is clearly winning.} Qc7+ (23... Nc6 $142 24. Qe3 Rc8 25. Qxe7 Nxe7+ 26. Kd2 g5) 24. Bc3 ({Weaker is} 24. Nc3 Ng4 $16) 24... Qc4 25. Nd4 Qa4 {Precision: White = 45%, Black = 13%.} 1-0

[Event "22nd OIBM 2018"]
[Site "Gmund am Tegernsee"]
[Date "2018.10.28"]
[Round "2"]
[White "Petrosyan, Manuel"]
[Black "Hinrichs, Lars"]
[Result "1-0"]
[WhiteElo "2574"]
[BlackElo "2233"]
[Annotator "TA"]
[PlyCount "41"]
[EventDate "2018.10.27"]
[EventType "swiss"]
[EventCountry "GER"]
[SourceTitle "playchess.com"]
[Source "ChessBase"]
[SourceQuality "1"]

{[%evp 26,41,0,3,15,8,195,180,225,65,87,56,238,252,335,339,332,327]} 1. d4 Nf6 2. c4 e6 3. Nf3 b6 4. g3 Ba6 5. b3 Bb4+ 6. Bd2 Be7 7. Nc3 O-O 8. Bg2 c6 9. e4 d5 10. exd5 {E15: Damenindisch (Hauptfortsetzung, Abweichungen)} cxd5 11. Ne5 Bb7 12. O-O Nc6 13. Bf4 Rc8 14. Rc1 {LiveBook: 8 Partien} Ba3 15. Rc2 {[#]} dxc4 $146 {[#]} (15... a6 $11 {und Schwarz muss sich keine Sorgen machen.}) ({Vorgänger:} 15... a6 16. Na4 Re8 17. Bg5 Be7 {½-½ (49) Vidit,S (2692)-Zhigalko,S (2635) Khanty-Mansiysk 2017}) 16. Nb5 $1 $18 ({Lieber nicht} 16. Nxc4 Bb4 $14) 16... Bb4 {[#]} 17. bxc4 $2 ({Besser ist} 17. Nxc6 $1 $18 Bxc6 18. Bxc6 Rxc6 19. Nxa7) 17... Qe7 $1 $14 18. a3 Bxa3 $2 ({Lieber} 18... a6 $1 $14) 19. Nxc6 $18 Bxc6 20. Bxc6 Rxc6 21. Qf3 {Precision: Weiß = 66%, Schwarz =  4%.} 1-0

[Event "22nd OIBM 2018"]
[Site "Gmund am Tegernsee"]
[Date "2018.10.28"]
[Round "2"]
[White "Fier, Alexandr"]
[Black "Hofmann, Lorenz"]
[Result "*"]
[WhiteElo "2558"]
[BlackElo "1995"]
[Annotator "ChessBase"]
[PlyCount "37"]
[EventDate "2018.10.27"]
[EventType "swiss"]
[EventCountry "GER"]
[SourceTitle "playchess.com"]
[Source "ChessBase"]
[SourceQuality "1"]
[TimeControl "40/5400+30:1800+30"]

1. e4 {[%emt 0:00:00]} c6 {[%emt 0:00:00]} 2. d4 {[%emt 0:00:00]} d5 {[%emt 0:00:00]} 3. e5 {[%emt 0:00:00]} c5 {[%emt 0:00:00]} 4. dxc5 {[%emt 0:00:00]} Nc6 {[%emt 0:00:00]} 5. a3 {[%emt 0:00:00]} Nxe5 {[%emt 0:12:40]} 6. b4 {[%emt 0:00:10]} Nf6 {[%emt 0:01:09]} 7. Bb2 {[%emt 0:02:11]} Ng6 {[%emt 0:03:36]} 8. Nf3 {[%emt 0:00:48]} e6 {[%emt 0:02:21]} 9. c4 {[%emt 0:00:26]} Be7 {[%emt 0:03:12]} 10. cxd5 {[%emt 0:01:22]} Qxd5 {[%emt 0:00:07]} 11. Bb5+ {[%emt 0:02:30]} Bd7 {[%emt 0:01:44]} 12. Qxd5 {[%emt 0:00:35]} exd5 {[%emt 0:00:14]} 13. Bxd7+ {[%emt 0:00:05]} Kxd7 {[%emt 0:00:16]} 14. Nc3 {[%emt 0:00:04]} Rhd8 {[%emt 0:11:45]} 15. O-O {[%emt 0:03:05]} Ke8 {[%emt 0:05:15]} 16. Rad1 {[%emt 0:00:20]} Kf8 {[%emt 0:01:43]} 17. Rd4 {[%emt 0:00:25]} Rd7 {[%emt 0:01:15]} 18. Rfd1 {[%emt 0:00:05]} Rad8 {[%emt 0:00:27]} 19. Nb5 {[%emt 0:00:05]} *

[Event "22nd OIBM 2018"]
[Site "Gmund am Tegernsee"]
[Date "2018.10.28"]
[Round "2"]
[White "Mons, Leon"]
[Black "Bente, Bjoern"]
[Result "0-1"]
[WhiteElo "2554"]
[BlackElo "2228"]
[Annotator "TA"]
[PlyCount "92"]
[EventDate "2018.10.27"]
[EventType "swiss"]
[EventCountry "GER"]
[SourceTitle "playchess.com"]
[Source "ChessBase"]
[SourceQuality "1"]

{[%evp 24,92,0,0,0,0,0,0,4,8,47,0,0,0,0,0,0,-18,-16,-15,2,0,95,90,201,0,0,-55,-50,-43,-16,-16,-16,-16,-16,-22,-29,-26,-17,-108,-17,-17,-17,-20,0,0,0,-24,0,-7,-7,-15,-7,-18,-18,-17,-3,-2,0,0,0,0,-7,-5,-5,-519,-506,-810,-771,-29987,-29988]} 1. a3 d5 2. Nf3 Nf6 3. e3 c5 4. c4 Nc6 5. cxd5 Nxd5 6. Nc3 e6 7. d4 Be7 8. Bd3 O-O 9. O-O Nxc3 10. bxc3 b6 11. Qc2 h6 12. Qe2 Bb7 13. Bb2 {LiveBook: 4 Games} Qc7 {E12: Queen's Indian: Unusual White 4th moves, 4 a3, 4 Nc3 Bb7 5 a3 and 4 Nc3 Bb7} 14. e4 Rfd8 (14... Na5 15. Ne5 Rfd8 16. Rad1 Rac8 17. f4 Bd6 18. Qg4 b5 19. Rf3 Nc4 20. Rg3 Bf8 21. Nxc4 bxc4 {½-½ (30) Schneider,P (2368)-Robson,N (2654) IECG email 2007 Telechess CBM 127 [Morgado,Juan Sebastian]}) 15. Rad1 Rac8 {The position is equal.} 16. d5 c4 $146 ({Predecessor:} 16... exd5 17. exd5 Rxd5 18. Qe4 Rxd3 19. Qxd3 Bf6 20. Rfe1 Na5 21. Qf5 {½-½ (36) Schmidt,H (2300)-Petkov,P (2189) ICCF email 2016}) 17. Bc2 Ne5 {[%cal Re6d5]} 18. dxe6 Nxf3+ 19. Qxf3 fxe6 20. Qg4 e5 21. Bc1 Qc6 {[#]} 22. Rd5 $1 {[%mdl 512]} Rxd5 (22... Qf6 $11) 23. exd5 $16 Qxd5 {[#]} (23... Qd6 $16 {was necessary.}) 24. f3 $2 (24. Bf5 $1 $18 {[%cal Rf5e6]} Rc6 25. Be4) 24... Rc6 $11 25. Rd1 (25. Be4 $11 Qc5+ 26. Kh1) 25... Qc5+ $15 26. Kf1 {aiming for Qe4.} Rd6 27. Rxd6 Qxd6 28. Qxc4+ Bd5 29. Qc8+ Kf7 30. Ba4 Be6 31. Qe8+ Kf6 {Threatens to win with ...Qd3+.} 32. Bc2 {[%csl Gc2][%cal Re8g6]} Bf7 33. Qc8 {[%csl Gc2][%cal Rc8f5]} Be6 34. Qe8 {[%csl Gc2][%cal Re8g6]} Bf7 35. Qa4 Be6 36. Qe4 {[%csl Gc2][%cal Re4g6]} Kf7 37. Ke2 Bd5 38. Qf5+ Bf6 39. Bd3 Ke7 40. Qc8 Qc6 41. Qa6 $36 {[%mdl 2048] White is pushing.} e4 42. fxe4 Bxe4 43. Qxa7+ Ke6 {White must now prevent ...Bxd3+.} 44. c4 $2 {[%mdl 8192]} (44. Bxe4 $11 Qxe4+ 45. Kd1) 44... Bxg2 $19 {( -> ...Qf3+)} 45. Be3 {[#]} (45. Kd2 $142 Qc5 46. Qb8 Qf2+ 47. Be2 Qd4+ 48. Bd3) 45... Bf1+ $1 {[%mdl 512]} 46. Kd2 (46. Kxf1 Qf3+) 46... Qg2+ {Precision: White = 55%, Black = 53%.} 0-1